Samrāṭ-siddhāntaḥ : (Record no. 85562)

MARC details
000 -LEADER
fixed length control field 01331cam a2200289 a 4500
001 - CONTROL NUMBER
control field sa 68014131
003 - CONTROL NUMBER IDENTIFIER
control field DLC
005 - DATE AND TIME OF LATEST TRANSACTION
control field 20260227112628.0
008 - FIXED-LENGTH DATA ELEMENTS--GENERAL INFORMATION
fixed length control field 840418s1967 ii a 000 0 sano
010 ## - LIBRARY OF CONGRESS CONTROL NUMBER
LC control number sa 68014131
040 ## - CATALOGING SOURCE
Original cataloging agency DLC
Transcribing agency DLC
Modifying agency DLC
041 1# - LANGUAGE CODE
Language code of text/sound track or separate title san
-- hin
Language code of original ara
050 00 - LIBRARY OF CONGRESS CALL NUMBER
Classification number QB41
Item number .J318 1967
100 1# - MAIN ENTRY--PERSONAL NAME
Personal name Jagannātha,
Dates associated with a name 1652-
240 10 - UNIFORM TITLE
Uniform title Samrāṭsiddhānta
245 10 - TITLE STATEMENT
Title Samrāṭ-siddhāntaḥ :
Remainder of title avāntara pāṭhabhedasamanvitaḥ Siddhāntasārakaustubhaḥ /
Statement of responsibility, etc. Jagannātha-viracitaḥ ; pradhāna sampādakaḥ, Rāmasvarūpa Śarmā.
246 15 - VARYING FORM OF TITLE
Title proper/short title Samrāṭ siddhānta
260 ## - PUBLICATION, DISTRIBUTION, ETC.
Place of publication, distribution, etc. Naī Dillī :
Name of publisher, distributor, etc. Iṇḍiyana Inṣṭīṭyūṭa āfa Āsṭrānaumikala eṇḍa Saṃskr̥ta Risarca,
Date of publication, distribution, etc. 1967.
300 ## - PHYSICAL DESCRIPTION
Extent 3 v. :
Other physical details ill. ;
Dimensions 25 cm.
546 ## - LANGUAGE NOTE
Language note In Sanskrit and Hindi; includes translations from Arabic.
500 ## - GENERAL NOTE
General note A Sanskrit version of Claudius Ptolemaeus' Almagestum, translated from the Arabic version by Naṣīr al-Dīn Muḥammad ibn Muḥammad al-Tūsī and others.
650 #0 - SUBJECT ADDED ENTRY--TOPICAL TERM
Topical term or geographic name entry element Astronomy
Form subdivision Early works to 1800.
700 1# - ADDED ENTRY--PERSONAL NAME
Personal name Śarmmā, Rāmasvarūpa.
700 1# - ADDED ENTRY--PERSONAL NAME
Personal name Ptolemy,
Dates associated with a name active 2nd century.
Title of a work Almagest.
700 1# - ADDED ENTRY--PERSONAL NAME
Personal name Ṭūsī, Naṣīr al-Dīn Muḥammad ibn Muḥammad,
Dates associated with a name 1201-1274.
Title of a work Taḥrir al-majisṭi.
710 2# - ADDED ENTRY--CORPORATE NAME
Corporate name or jurisdiction name as entry element Indian Institute of Astronomical and Sanskrit Research.

No items available.

Powered by Koha